| Tag |
First Indicator |
Second Indicator |
Subfields |
| LEADER |
00000nam a2200000Ii 4500 |
| 001 |
in00004580939 |
| 006 |
m o d |
| 007 |
cr |n||||||||| |
| 008 |
180611t20181993fluab ob 001 0 eng d |
| 005 |
20220613175748.3 |
| 020 |
|
|
|a 9780203719169
|
| 035 |
|
|
|a (OCoLC)1035845857
|
| 035 |
|
|
|a 9780203719169
|
| 040 |
|
|
|a FlBoTFG
|c FlBoTFG
|e rda
|
| 050 |
|
4 |
|a QA297.8
|
| 072 |
|
7 |
|a SCI
|x 040000
|2 bisacsh
|
| 072 |
|
7 |
|a TEC
|x 009060
|2 bisacsh
|
| 072 |
|
7 |
|a MAT
|x 007000
|2 bisacsh
|
| 072 |
|
7 |
|a PHU
|2 bicscc
|
| 082 |
0 |
4 |
|a 003/.01/5114
|2 23
|
| 100 |
1 |
|
|a Argyros, Ioannis K.,
|e author.
|
| 245 |
1 |
4 |
|a The theory and applications of iteration methods /
|c by Ioannis K. Argyros and Ferenc Szidarovszky.
|
| 264 |
|
1 |
|a Boca Raton, FL :
|b CRC Press, an imprint of Taylor and Francis,
|c [2018].
|
| 264 |
|
4 |
|c ©1993.
|
| 300 |
|
|
|a 1 online resource (368 pages) :
|b 3 illustrations.
|
| 336 |
|
|
|a text
|b txt
|2 rdacontent
|
| 337 |
|
|
|a computer
|b c
|2 rdamedia
|
| 338 |
|
|
|a online resource
|b cr
|2 rdacarrier
|
| 490 |
1 |
|
|a Systems engineering
|
| 505 |
0 |
0 |
|t chapter 1 The convergence of algorithmic models /
|r Ioannis K. Argyros --
|t chapter 2 The convergence of iteration sequences /
|r Ioannis K. Argyros --
|t chapter 3 Monotone convergence /
|r Ioannis K. Argyros --
|t chapter 4 Comparison theorems /
|r Ioannis K. Argyros --
|t chapter 5 The convergence of Newton methods and their variants /
|r Ioannis K. Argyros --
|t chapter 6 The monotone convergence of Newon methods and their variants /
|r Ioannis K. Argyros.
|
| 520 |
3 |
|
|a The Theory and Applications of Iteration Methods focuses on an abstract iteration scheme that consists of the recursive application of a point-to-set mapping. Each chapter presents new theoretical results and important applications in engineering, dynamic economic systems, and input-output systems. At the end of each chapter, case studies and numerical examples are presented from different fields of engineering and economics. Following an outline of general iteration schemes, the authors extend the discrete time-scale Liapunov theory to time-dependent, higher order, nonlinear difference equations. The monotone convergence to the solution is examined in and comparison theorems are proven. Results generalize well-known classical theorems, such as the contraction mapping principle, the lemma of Kantorovich, the famous Gronwall lemma, and the stability theorem of Uzawa. The book explores conditions for the convergence of special single- and two-step methods such as Newton's method, modified Newton's method, and Newton-like methods generated by point-to-point mappings in a Banach space setting. Conditions are examined for monotone convergence of Newton's methods and their variants. Students and professionals in engineering, the physical sciences, mathematics, and economics will benefit from the book's detailed examples, step-by-step explanations, and effective organization.
|
| 650 |
|
7 |
|a TECHNOLOGY & ENGINEERING / Industrial Engineering.
|2 bisacsh
|
| 650 |
|
7 |
|a MATHEMATICS / Differential Equations.
|2 bisacsh
|
| 650 |
|
0 |
|a Iteration.
|
| 650 |
|
0 |
|a Iterative methods (Mathematics)
|
| 650 |
|
7 |
|a SCIENCE / System Theory.
|2 bisacsh
|
| 650 |
|
7 |
|a TECHNOLOGY & ENGINEERING / Operations Research.
|2 bisacsh
|
| 655 |
|
7 |
|a Electronic books.
|2 local
|
| 700 |
1 |
|
|a Szidarovszky, Ferenc,
|e author.
|
| 710 |
1 |
|
|a Taylor & Francis.
|
| 710 |
2 |
|
|a Taylor and Francis.
|
| 730 |
0 |
|
|a MATHnetBASE.
|
| 776 |
0 |
8 |
|i Print version:
|z 9780849380143
|
| 830 |
|
0 |
|a Systems engineering.
|
| 856 |
4 |
0 |
|u http://proxy.library.tamu.edu/login?url=https://www.taylorfrancis.com/books/9780203719169
|z Connect to the full text of this electronic book
|t 0
|
| 999 |
f |
f |
|s b27f939c-f19e-4191-bbeb-11cccb08eced
|i b27f939c-f19e-4191-bbeb-11cccb08eced
|t 0
|
| 952 |
f |
f |
|a Texas A&M University
|b College Station
|c Electronic Resources
|d Available Online
|t 0
|e QA297.8
|h Library of Congress classification
|
| 998 |
f |
f |
|a QA297.8
|t 0
|l Available Online
|